| 000 | 00561cam a22002171 4500 | ||
|---|---|---|---|
| 001 | sa 63000073 | ||
| 003 | DLC | ||
| 005 | 20260227111919.0 | ||
| 008 | 920619s1958 xx a 000 0 eng | ||
| 010 | _asa 63000073 | ||
| 035 | _a(OCoLC)28302062 | ||
| 040 |
_aDLC _cPU _dDLC |
||
| 042 | _apremarc | ||
| 043 | _aa-ii--- | ||
| 050 | 0 | 0 |
_aDS485.N68 _bC5 |
| 100 | 1 |
_aChaliha, Parag, _eed. |
|
| 245 | 0 | 4 | _aThe outlook on N. E. F. A. |
| 260 |
_a[Jorhat] _bAsam Sahitya Sabha _c[1958] |
||
| 300 |
_a134 p. _billus. _c23 cm. |
||
| 651 | 0 | _aArunāchal Pradesh (India) | |
| 999 |
_c53302 _d53302 |
||